[Event "European Club Cup 2006"]
[Site "Fuegen AUT"]
[Date "2006.10.13"]
[Round "6.161"]
[White "Cobb, Charles"]
[Black "Goban, Marek"]
[Result "1-0"]
[WhiteElo "2410"]
[BlackElo "2148"]
[PlyCount "137"]
[EventDate "2006.10.08"]
[EventType "team"]
[EventRounds "7"]
[EventCountry "AUT"]
[Source "lmi"]
[SourceDate "2006.10.08"]

1. c4 c5 2. Nf3 g6 3. d4 cxd4 4. Nxd4 Bg7 5. e4 Nc6 6. Be3 Nf6 7. Nc3 Ng4 8.
Qxg4 Nxd4 9. Qd1 Nc6 10. Rc1 d6 11. Be2 Qa5 12. Qd2 O-O 13. O-O Be6 14. b3 f5
15. exf5 gxf5 16. f4 Kh8 17. Bf3 Bg8 18. Rfd1 Rad8 19. Nb5 Qxd2 20. Rxd2 a6 21.
Nc7 Rd7 22. Nxa6 Ra8 23. Nc5 Rc7 24. Na4 Nb4 25. Bb6 Rc6 26. Bxc6 bxc6 27. a3
Na6 28. Bd4 Nc7 29. Bxg7+ Kxg7 30. Rc3 Kf6 31. g3 Be6 32. Kf2 Bf7 33. h3 Be8
34. Ra2 c5 35. Nb6 Rb8 36. Nd5+ Nxd5 37. cxd5 Bf7 38. Rd2 h5 39. Rcd3 Rb7 40.
Rc3 Rb5 41. Rcd3 Rb7 42. b4 cxb4 43. Rb2 Rb5 44. Rxb4 Rc5 45. Rbd4 Rc2+ 46. Rd2
Rc3 47. R4d3 Rc4 48. Ke3 Ra4 49. Ra2 Ra5 50. a4 Bxd5 51. Rxd5 Rxd5 52. a5 Rc5
53. a6 Rc8 54. a7 Ra8 55. Kd4 e5+ 56. Kd5 e4 57. Kc6 d5 58. Ra6 Ke7 59. Kb7
Rxa7+ 60. Kxa7 d4 61. Ra5 Kd6 62. Kb6 d3 63. Ra8 Kd7 64. Ra4 Ke6 65. Rd4 Kf6
66. Kc5 h4 67. gxh4 Kg6 68. Kd5 Kh5 69. Ke5 1-0